| 000 | 00967nam a22002651u 4500 | ||
|---|---|---|---|
| 001 | 12251 | ||
| 003 | HDC | ||
| 007 | cr bn --- | ||
| 008 | 210209p2003 my eng | ||
| 040 | _aHDC | ||
| 100 |
_aChong, Swee Teck, _eauthor _912732 |
||
| 245 | 4 |
_aThe relationship of dwarfing and root anatomy in sweet cherry (Prunus avium L.) rootstocks / _cby Chong Swee Teck and Preston K. Andrews |
|
| 260 |
_aSerdang : _bMalaysian Agricultural Research and Development Institute (MARDI), _c2003 |
||
| 300 | _a1 page | ||
| 336 |
_atext _2rdacontent |
||
| 337 |
_acomputer _2rdamedia |
||
| 338 |
_aonline resource _2rdacarrier |
||
| 650 |
_aDwarfing _912733 |
||
| 650 |
_aRootstock _912734 |
||
| 650 |
_aSweet cherry _912735 |
||
| 856 | _zRequest full-text at [email protected] | ||
| 942 | _2lcc | ||
| 942 | _cAR | ||
| 942 | _kJART 003049 | ||
| 999 |
_c9574 _d9574 |
||